| 000 | 00735nas a2200241 i 4500 | ||
|---|---|---|---|
| 001 | 1039 | ||
| 003 | ES-MaACL | ||
| 005 | 20250724062538.0 | ||
| 008 | 950801d19601984ck mr p 0 1 |spa d | ||
| 022 | _a0012-9410 | ||
| 080 | _a861 | ||
| 245 | 0 | 0 |
_aEco : _brevista de la cultura de Occidente. |
| 260 |
_aBogotá : _bLibrería Buchholz Galería, _c1960-1984. |
||
| 300 |
_a10 v. ; _c20 cm. |
||
| 310 | _aMensual | ||
| 362 | 1 | _aComenzó en mayo 1960-1984. | |
| 500 | _aNo se publicó en 1976. | ||
| 650 | 7 |
_aCultura _2embne _9170963 |
|
| 852 |
_aES-MaACL _jHEM-H-335 _xHem-1476 |
||
| 866 | 0 | _o1964-1965(1966-1967)(1968f.n.101),(1975).(1977f.ene.)1978-1982(1983f.n.262ago.)(1984) | |
| 942 | _2udc | ||
| 999 |
_c1039 _d1039 |
||